000 01130nam2a22002651 4500
001 RU\NLR\INFOCOMM10\1000275500
005 20250617124421.0
035 _a(NLR Aleph) 002608986
090 _a3512797
_c3512797
100 _a20040818d1968 |||y0rusy50 ca
101 0 _arus
102 _aRU
105 _ay |||||||||
200 1 _aЗащитные свойства ингибированных жидких и косистентных смазок
_fР.А. Былкина
210 _d1968
_aБ. м.
225 1 _aТема 5
_vВып.10
461 0 _1001RU\NLR\INFOCOMM10\1000264961
_12001#$aПередовой научно-технический и производственный опыт$fГос. Ком. Совета Министров РСФСР по координации науч.-исслед. работ. Гос. Науч.-исслед. ин-т науч. и техн. информации$v1968, №5-68-134
700 1 _aБылкина
_bР.А.
_4070
801 1 _aRU
_bInfoComm
_c20040818
801 0 _aRU
_bNLR
_gPSBO
852 _aNLR
_jП11/2295
942 _cISSUE
980 _aNB
980 _aRUSPER